| 000 | 00793nam a2200301Ia 4500 | ||
|---|---|---|---|
| 008 | 160803s9999 xx 000 0 und d | ||
| 020 | _a9780545511988 (paperback) | ||
| 100 | _aBrowne, Eileen | ||
| 245 | _aHanda's hen / | ||
| 245 | _cEileen Browne. | ||
| 260 | _aNew York : | ||
| 260 | _bScholastic Inc. | ||
| 260 | _c2002 | ||
| 300 | _aunnumbered pages : | ||
| 300 | _bcolor illustrations ; | ||
| 300 | _c22 cm | ||
| 500 | _aOriginally published: Somerville, MA : Candlewick Press, 2002. | ||
| 650 | _aAnimals -- Kenya -- | ||
| 650 | _aChickens -- | ||
| 650 | _aCounting. | ||
| 650 | _aKenya -- | ||
| 650 | _aLuo (Kenyan and Tanzanian people) -- | ||
| 650 | _xFiction. | ||
| 650 | _xFiction. | ||
| 650 | _xFiction. | ||
| 650 | _xFiction. | ||
| 700 | _a290 | ||
| 999 |
_c299639 _d299639 |
||